Effective communication in health care : a supervisor's handbook /

Bibliographic Details
Main Author: Munn, Harry E.
Other Authors: Metzger, Norman, 1924-
Format: Book
Language:English
Published: Rockville, Md. : Aspen Systems Corp., 1981.
Series:An Aspen publication
Subjects:

MARC

Tag First Indicator Second Indicator Subfields
LEADER 00000pam a2200000 a 4500
001 in00000075485
005 20151008053628.0
008 810319s1981 mdua b 00110 eng
010 |a  81001387  
020 |a 0894433563 
035 |a (OCoLC)07328697 
035 |9 AAH8078AM 
039 0 |a 2  |b 3  |c 3  |d 3  |e 3 
040 |a DLC  |c DLC  |d TXA  |d UtOrBLW 
049 |a TXAM  |c [1672099] 
050 0 0 |a RA971.35  |b .M86 
060 0 |a WX 159 M966c 
082 0 |a 362.1/068/3  |2 19 
100 1 |a Munn, Harry E. 
245 1 0 |a Effective communication in health care :  |b a supervisor's handbook /  |c Harry E. Munn, Jr. and Norman Metzger. 
264 1 |a Rockville, Md. :  |b Aspen Systems Corp.,  |c 1981. 
300 |a xi, 264 pages :  |b illustrations ;  |c 24 cm. 
336 |a text  |b txt  |2 rdacontent 
337 |a unmediated  |b n  |2 rdamedia 
338 |a volume  |b nc  |2 rdacarrier 
490 0 |a An Aspen publication 
504 |a Includes bibliographies and index. 
650 0 |a Health facilities  |x Personnel management. 
650 0 |a Communication in personnel management. 
650 0 |a Supervision of employees. 
650 2 |a Personnel Administration, Hospital. 
650 2 |a Communication. 
700 1 |a Metzger, Norman,  |d 1924- 
999 |a MARS 
999 f f |s 4069a855-d490-3a48-8c08-9493295a21f3  |i 0d2846ec-b0e6-399f-ba0a-3d70da772c2b  |t 0 
952 f f |p ric  |a Texas A&M University  |b Rellis Campus  |c Joint Library Facility  |d Remote Storage  |t 0  |e RA971.35 .M86  |h Library of Congress classification  |i unmediated -- volume  |m A14806228213 
998 f f |a RA971.35 .M86  |t 0  |l Remote Storage